|
|
|
|
| LEADER |
00000cam a2200000 i 4500 |
| 001 |
DIGBRUJ351 |
| 003 |
NyNyDIG |
| 008 |
200820s2020 ag ob 000 0 spa d |
| 006 |
m o d |
| 007 |
cr ||||||||||| |
| 035 |
|
|
|a (OCoLC)1187158325
|
| 040 |
|
|
|a DGITA
|b eng
|e rda
|e pn
|c DGITA
|
| 020 |
|
|
|a 9789877602951
|q archivo digital
|q pdf
|
| 020 |
|
|
|a 9877602954
|q archivo digital
|q pdf
|
| 020 |
|
|
|z 9789877602791
|
| 020 |
|
|
|z 9877602792
|
| 050 |
1 |
4 |
|a H62 ebook
|
| 082 |
0 |
4 |
|a 001.42
|
| 100 |
1 |
|
|a Yuni, José,
|e author.
|
| 245 |
1 |
0 |
|a Metodología y técnicas para investigar :
|b recursos para la elaboración de proyectos, análisis de datos y redacción cientí(ca /
|c José Yuni, Claudios Urbano.
|
| 246 |
1 |
|
|i Subtitle should read:
|a Recursos para la elaboración de proyectos, análisis de datos y redacción científica
|
| 264 |
|
1 |
|a Córdoba, Argentina :
|b Editorial Brujas,
|c [2020]
|
| 300 |
|
|
|a 1 online resource
|
| 336 |
|
|
|a text
|b txt
|2 rdacontent
|
| 337 |
|
|
|a computer
|b c
|2 rdamedia
|
| 338 |
|
|
|a online resource
|b cr
|2 rdacarrier
|
| 347 |
|
|
|a text file
|2 rdaft
|
| 347 |
|
|
|b PDF
|
| 504 |
|
|
|a Includes bibliographical references.
|
| 588 |
0 |
|
|a Online resource; title from PDF title page (Digitalia, viewed August 21, 2020)
|
| 650 |
|
0 |
|a Research
|x Methodology.
|
| 650 |
|
0 |
|a Technical writing.
|
| 655 |
|
0 |
|a Electronic books.
|
| 700 |
1 |
|
|a Urbano, Claudio,
|e author.
|
| 791 |
2 |
|
|a Digitalia (Firm),
|e distributor.
|
| 793 |
0 |
|
|g Digitalia eBook Collection:
|a Editorial Brujas
|
| 856 |
4 |
0 |
|3 Digitalia Hispánica
|u https://www.digitaliapublishing.com/a/66358/
|
| 910 |
|
|
|a Premium collection: 2020
|